Guess the kpop idol - Statistics

General Stats
  • This quiz has been taken 359 times
  • The average score is 19 of 28
Answer Stats
Picture Answer % Correct
Lisa
95%
Niki
92%
Hwasa
89%
Nayeon
88%
Suga
88%
Karina
87%
Wonyoung
86%
Leeknow
84%
Lily
83%
Beomgyu
79%
Hanni
75%
Ryujin
75%
San
74%
Yuqi
73%
IU
70%
Keeho
70%
Natty
69%
Wonhee
69%
Ahyeon
65%
Mark
65%
Kazuha
62%
Eunwoo
61%
Jeonghan
50%
Wonbin
44%
Ten
42%
Jaehyun
39%
Eric
31%
Matthew
27%
No matching quizzes found
Score Distribution
Percent of People with Each Score
Percentile by Number Answered
Your Score History
You have not taken this quiz